| 000 | nam a22 7a 4500 | ||
|---|---|---|---|
| 999 |
_c99296 _d99295 |
||
| 005 | 20190813162838.0 | ||
| 008 | 190306b ||||| |||| 00| 0 eng d | ||
| 020 | _a9780143419563 | ||
| 080 |
_a820-1 _bTAG/G |
||
| 100 |
_aTagore, Rabindranath _96920 |
||
| 245 | _aGitanjali | ||
| 260 |
_bPenguin _aGurgaon _c2012 |
||
| 300 | _alxxxvi, 257p. | ||
| 653 |
_aPoetry _aPhilosophy _aBengali-English literature _aNobel prize |
||
| 700 | _aRadice, William;tr.by | ||
| 942 | _cBK | ||